| 000 | 01086nam a22003017a 4500 | ||
|---|---|---|---|
| 008 | 230721s2019 xxk|||||o|||| 00| 0 eng d | ||
| 041 | _aeng | ||
| 110 | _aRoyal Institution of Chartered Surveyors | ||
| 245 |
_aAlternative Dispute Resolution (ADR) Mechanisms – _bAsia Pacific _h[Electronic resource] |
||
| 260 |
_aLondon, _bRoyal Institution of Chartered Surveyors, _c2019 |
||
| 300 | _a3p. | ||
| 490 | _aRICS Regulation | ||
| 520 | _aVersion 10. With effect from 2 February 2022 | ||
| 520 | _aA list of approved ADR mechanisms for Asia Pacific region | ||
| 650 | _aALTERNATIVE DISPUTE RESOLUTION | ||
| 650 | _aREDRESS | ||
| 651 | _aAsia Pacific | ||
| 651 | _aAustralia | ||
| 651 | _aChina | ||
| 651 | _aHong Kong | ||
| 651 | _aIndia | ||
| 651 | _aMalaysia | ||
| 651 | _aSingapore | ||
| 690 |
_96236 _aDispute resolution |
||
| 710 | _aRoyal Institution of Chartered Surveyors | ||
| 856 |
_uhttps://www.rics.org/content/dam/ricsglobal/documents/standards/FAQ_Alternative_Dispute_Resolution_Providers_Asia_Pacific.pdf _zAvailable free on RICS.org |
||
| 942 | _n0 | ||
| 999 |
_c121626 _d121626 |
||